000 01021nam a2200217Ia 4500
999 _c37431
_d37431
001 3390
003 GE_BSU
005 20190606151000.0
008 181216s1970||||ge |||||||||||||| ||geo||
040 _cGE_BSU
041 _ageo
080 _a621.01(075.8) ო–73
100 _aოსიპოვა,ა.
_92218
245 _aმექანიზმებისა და მანქანების თეორია (საკურსო გეგმარება) :
_bსახელმძღვ. /
_cა. ოსიპოვა ; რედ : პ. ლაბარტყავა.
250 _aმეორე შევსებ. და გადამ. გამოც.
264 _aთბილისი :
_bგანათლება,
_c1970.
300 _a258 გვ .:
_c27 სმ.
653 _aმექანიზმებისა და მანქანების თეორია
700 _aლაბარტყავა, პ
_eრედაქტორი
_9523
942 _cBK
_2udc